Làm thế nào để loại bỏ đối thủ cạnh tranh : sử dụng chiến lược cái nêm để chiến thắng trong bán hàng /

Đã lưu trong:
Sonraí Bibleagrafaíochta
Príomhúdar: Schawantz, Randy
Formáid: Leabhar
Teanga:Vietnamese
Foilsithe: TR 2008
Clibeanna: Cuir Clib Leis
Gan Chlibeanna, Bí ar an gcéad duine leis an taifead seo a chlibeáil!
Thư viện lưu trữ: Mạng thư viện Đại học Đà Nẵng
LEADER 00735nam a2200265 4500
001 000028183
003 SC-RG
005 20150403120000.0
008 150403s vm 000 vie
020 |c 0,0000 
040 |a notts 
100 |a Schawantz, Randy 
245 |a Làm thế nào để loại bỏ đối thủ cạnh tranh : sử dụng chiến lược cái nêm để chiến thắng trong bán hàng /  |c Randy Schawantz ; Yên Khuê dịch. 
260 |b TR  |c 2008 
OWN |a LTT 
999 |a From the UDN01 
TYP |a Monograph 
TYP |a Printed language 
980 |a Mạng thư viện Đại học Đà Nẵng